Päť rozptýlení

Bibliographic Details
Main Author: Sagan, Françoise, 1935-2004 (Author)
Other Authors: Dudáš, Vladimír, 1935-2011 (Translator), Baláž, Jozef (gup)
Format: Article
Language:Slovak
Subjects:

MARC

LEADER 00000nab a2200000 a 4500
001 vtls000064775
003 SK-MaSNL
005 20260304000542.0
008 111103c1980 xo 0 slo
015 |a SNBRB19rr/mm-uuuuu 
035 |a CL0074875 
040 |a SNKBUCL  |b slo  |c SNKBUCL  |e AACR2 
041 0 |a slo 
044 |a xo  |c SK 
080 |a 840-3  |2 1981 
100 1 |a Sagan, Françoise,  |d 1935-2004  |4 aut  |9 175397 
245 1 0 |a Päť rozptýlení  |c Francoise Saganová ; Vlado Dudáš, Jozef Baláž 
650 0 7 |a poviedky psychologické  |2 snkbucl  |9 893883 
655 7 |a články z novín a časopisov  |2 snkbucl  |9 267496 
655 7 |a články z odboru literárna veda a krásna literatúra  |2 snkbucl  |9 770045 
700 1 |a Dudáš, Vladimír,  |d 1935-2011  |4 trl  |9 52381 
700 1 |a Baláž, Jozef  |4 gup  |9 303540 
773 0 |t Život  |g Roč. 30, č. 28 (1980), s. 42-43 
850 |a Slovenská národná knižnica v Martine  |a MTA001 
852 |a SNK  |b KIS3GCP 
958 |a RK 
958 |a LX 
992 |a RBX 
999 |c 2531797  |d 2533727